Simbolos religiosos en las banderas - Estadísticas

Estadísticas generales
  • Esta prueba ha sido intentada 195 veces
    164 desde el último reinicio
  • La puntuación promedio es 36 de 58
Estadísticas de respuestas
Religion Simbolo Continente País % Correcto
Cristianismo Una cruz nórdica amarilla sobre fondo azul Europa Suecia
85%
Cristianismo Una cruz nórdica azul sobre fondo blanco Europa Finlandia
84%
Cristianismo Una cruz nórdica azul con el borde blanco sobre fondo rojo Europa Noruega
82%
Cristianismo Una cruz sobre la corona y dos mas sobre coronas en columnas Europa España
81%
Cristianismo Una cruz nórdica roja con el borde blanco sobre fondo azul Europa Islandia
81%
Cristianismo Una cruz blanca griega en cuadro con fondo azul Europa Grecia
80%
Islam Una luna decreciente blanca y una estrella de cinco puntas sobre fondo verde Asia Pakistan
77%
Islam Una luna menguante y una estrella blanca sobre un fondo rojo Asia Turquia
77%
Cristianismo Una cruz nórdica blanca sobre fondo rojo Europa Dinamarca
76%
Islam La frase "No hay más Dios que Alá y Mahoma es su profeta" Asia Arabia Saudi
75%
Judaismo Una estrella de David Asia Israel
75%
Cristianismo Una cruz de San Jorge, una cruz de San Andrés y otra de San Patricio Europa Reino Unido
75%
Cristianismo Una cruz de San Jorge Europa Malta
74%
Islam Una media luna menguante junto a una estrella de cinco puntas, ambas de color rojo África Argelia
71%
Azteca Un águila devorando una serpiente como símbolo azteca América Mexico
71%
Cristianismo Una cruz de San Jorge y cuatro cruces pequeñas por Jorge V Europa Georgia
70%
Islam Cuatro lunas crecientes y la frase "Alá es grande" repetida hasta 26 veces Asia Iran
70%
Islam Un círculo blanco que en el centro tiene una luna decreciente y una estrella roja de cinco puntas África Tunez
70%
Budismo Un dragón del fuego Asia Butan
69%
Islam La frase "Alá es el más grande" en la franja blanca del medio. Asia Irak
67%
Islam Una estrella de cinco puntas verde que simboliza los cinco pilares del Islam África Marruecos
67%
Islam Una mezquita Asia Afganistan
66%
Cristianismo Una cruz griega de plata y dos cruces sobre dos coronas Europa Serbia
66%
Hinduismo Un chakrá ashoka en la banda central Asia India
65%
Islam Una luna cuarto menguante y una estrella, ambas en color blanco sobre la franja negra central África Libia
65%
Cristianismo Una cruz de San Jorge, una cruz de San Andrés y otra de San Patricio junto con seis estrellas Oceania Australia
64%
Cristianismo Una mitra y un báculo Europa Andorra
63%
Budismo El templo de Angkor Wat Asia Camboya
63%
Budismo Dos triángulos que representan el Himalaya y también el budismo y el hinduismo Asia Nepal
63%
Cristianismo Una cruz de San Jorge, una cruz de San Andrés y otra de San Patricio junto con cuatro estrellas Oceania Nueva Zelanda
63%
Cristianismo Una cruz griega en plata sobre fondo rojo Europa Suiza
63%
Taoísmo Un símbolo yin yang en el centro con el yin en azul y el yang en rojo Asia Corea del sur
61%
Cristianismo Una cruz doble patriarcal Europa Eslovaquia
61%
Cristianismo Cinco llagas de Cristo y las 30 monedas de Judas Europa Portugal
61%
Cristianismo Una cruz sobre la corona del escudo Europa San Marino
61%
Inca Un sol incaico amarillo en la banda central América Argentina
60%
Islam Una luna decreciente y 12 estrella sobre la banda azul de la bandera Asia Uzbekistan
59%
Cristianismo Una cruz de San Jorge, una cruz de San Andrés y otra de San Patricio en fondo azul y un escudo Oceania Fiyi
58%
Islam Una luna creciente con las astas hacia arriba amarilla bajo una estrella de cinco puntas África Mauritania
57%
Cristianismo Una cruz en un cetro y otra en un orbe sujetados por un águila bicéfala y otra cruz en la corona del propio águila Europa Montenegro
57%
Islam Una luna creciente con cinco estrellas de cinco puntas sobre fondo verde Asia Turkmenistan
57%
Cristianismo Una cruz de San Jorge, una cruz de San Andrés y otra de San Patricio en fondo azul y nueve estrellas Oceania Tuvalu
56%
Cristianismo Una cruz griega en rojo sobre fondo blanco Oceania Tonga
54%
Inca Un sol incaico amarillo en el recuadro superior izquierdo América Uruguay
54%
Islam Una luna decreciente, y una estrella de catorce puntas amarillas sobre canton azul Asia Malasia
53%
Cristianismo Una cruz ortodoxa de oro sujetada por el pico de un águila Europa Moldavia
51%
Taoísmo Un símbolo yin yang en la banda izquierda Asia Mongolia
51%
Cristianismo Una "Y" tumbada en color amarillo representando la luz del Evangelio Oceania Vanuatu
49%
Islam Una estrella de siete puntas blanca que representa los siete versos de la primera sura del Coran Asia Jordania
48%
Islam Una luna creciente junto con un quitasol Asia Brunei
46%
Islam Una luna creciente blanca sobre fondo verde con un borde de color rojo Asia Maldivas
45%
Cristianismo Una cruz sobre la corona Europa Liechtenstein
37%
Budismo Cuatro hojas doradas de ficus religiosa en cada esquina Asia Sri Lanka
37%
Islam Una media luna blanca y una estrella de ocho puntas en la banda roja central Europa Azerbaiyan
36%
Islam Una media luna blanca y cuatro estrellas blancas de cinco puntas en el triangulo verde del asta África Comoras
35%
Cristianismo Una cruz blanca en el centro con el escudo en medio America Republica Dominicana
35%
Islam Cinco puntas dentadas representando los pilares del Islam Asia Barein
32%
Cristianismo Diez estrellas que representan las diez parroquias de la isla America Dominica
25%
No se encontraron pruebas coincidentes
Distribución de puntuación
Porcentaje de gente con cada puntuación
Porcentaje por número respondido
Historial de tus puntuaciones
No has intentado esta prueba desde el último reinicio